| 000 | 00861nam a2200265Ia 4500 | ||
|---|---|---|---|
| 003 | OSt | ||
| 005 | 20220930185706.0 | ||
| 006 | a|||||r|||| 00| 0 | ||
| 007 | ta | ||
| 008 | 220926b |||||||| |||| 00| 0 eng d | ||
| 020 |
_a9790231141581 (hbk) _c1711.50 |
||
| 024 | _a1145 | ||
| 037 |
_bIN1526, 19/01/2009, Adity Books Pvt. Ltd. _cTextbook |
||
| 040 |
_aCRL _cCRL _beng |
||
| 041 |
_2eng _aeng |
||
| 082 | _aZ1,9298:(W:58), P7 | ||
| 100 |
_aFlorini Ann Ed. _9558190 |
||
| 245 | 0 |
_aRight to know _b Transparency for an open world |
|
| 260 |
_aNew York _bColumbia University Press U.S.A _c2007 |
||
| 300 |
_aviii, 368p. _ccm. |
||
| 490 | _aInitative for policy dialogue at Columbia | ||
| 650 | _aLAW | ||
| 942 |
_hZ1,9298:(W:58), P7 _cTB _2CC |
||
| 999 |
_c890753 _d890753 |
||